Studies in Attic epigraphy, history, and topography : presented to Eugene Vanderpool.

محفوظ في:

مؤلفون آخرون: Vanderpool, Eugene, 1906-1989.

التنسيق: كتاب

اللغة: English
Ancient Greek

منشور في: Princeton, N.J. : American School of Classical Studies at Athens, 1982.

سلاسل: Hesperia. Supplement ; 19.

الموضوعات:

الوسوم: إضافة وسم

لا توجد وسوم, كن أول من يضع وسما على هذه التسجيلة!

رقم الطلب: DF261 .A8 S88 1982

LEADER 01114nam a2200313 a 4500
001 2098
003 OSt
005 20251229131015.0
008 130303s1982 njuaf b 001 0beng d
010 |a 81012876 
020 |a 0876615191 
040 |c ARCE Library 
041 0 |a eng  |a grc 
043 |a e-gr--- 
050 4 |a DF261 .A8 S88 1982 
245 0 0 |a Studies in Attic epigraphy, history, and topography :  |b presented to Eugene Vanderpool. 
264 1 |a Princeton, N.J. :  |b American School of Classical Studies at Athens,  |c 1982. 
300 |a xii, 207 pages, 24 pages of plates :  |b illustrations ;  |c 28 cm. 
490 0 |a Hesperia. Supplement ;   |v 19. 
504 |a Includes bibliographical references of Eugene Vanderpool (pages vii-xii) and Greek epigraphical index. 
546 |a Text in English and Greek. 
600 1 0 |a Vanderpool, Eugene,  |d 1906-1989.  |9 41552 
650 0 |a Inscriptions, Greek  |z Greece  |z Attikē. 
651 0 |a Attikē (Greece)  |x Antiquities. 
651 0 |a Athens (Greece)   |x History. 
700 1 |a Vanderpool, Eugene,  |d 1906-1989.  |9 41552 
901 |a reviewed 
942 |c BK  |2 lcc 
999 |c 6176  |d 6176